Salud : (Registro nro. 6305)
[ vista simple ]
| 000 -LEADER | |
|---|---|
| fixed length control field | 01476nam a2200277Ia 4500 |
| 003 - CONTROL NUMBER IDENTIFIER | |
| control field | OSt |
| 005 - DATE AND TIME OF LATEST TRANSACTION | |
| control field | 20200903212130.0 |
| 008 - FIXED-LENGTH DATA ELEMENTS--GENERAL INFORMATION | |
| fixed length control field | 191128s2010 ck gr 000 0 spa d |
| 020 ## - INTERNATIONAL STANDARD BOOK NUMBER | |
| International Standard Book Number | 9789589916216 |
| 040 ## - CATALOGING SOURCE | |
| Original cataloging agency | CO-JMCR |
| Transcribing agency | CO-JMCR |
| 041 0# - LANGUAGE CODE | |
| Language code of text/sound track or separate title | spa |
| 082 04 - DEWEY DECIMAL CLASSIFICATION NUMBER | |
| Classification number | 362.11068 / |
| Item number | F715s |
| Edition number | 23 |
| 100 1# - MAIN ENTRY--PERSONAL NAME | |
| Personal name | Forero de Saade, María Teresa, |
| Relator term | investigadora |
| 9 (RLIN) | 9784 |
| 245 10 - TITLE STATEMENT | |
| Title | Salud : |
| Remainder of title | una visión desde los departamentos de Colombia / |
| Statement of responsibility, etc. | investigadores principales María Teresa Forero de Saade, Mauricio Santamaría y Juan Gonzalo Zapata |
| 260 ## - PUBLICATION, DISTRIBUTION, ETC. | |
| Place of publication, distribution, etc. | Bogotá : |
| Name of publisher, distributor, etc. | Fedesarrollo, |
| Date of publication, distribution, etc. | 2010 |
| 300 ## - PHYSICAL DESCRIPTION | |
| Extent | 372 páginas ; |
| Dimensions | 24 cm. |
| 505 0# - FORMATTED CONTENTS NOTE | |
| Formatted contents note | Descripción del sistema de salud colombiano -- Financiamiento de la salud y competencias del nivel intermedio -- Universalización del aseguramiento en salud -- Efectos económicos de las decisiones judiciales en las finanzas |
| 520 3# - SUMMARY, ETC. | |
| Summary, etc. | La presente investigación tiene un enfoque integral, abarcando una amplitud de temas que pocos trabajos logran. Así adelantó una revisión del estado del arte en materia bibliográfica; se entrevistó a los principales actores del sistema incluidas |
| 650 14 - SUBJECT ADDED ENTRY--TOPICAL TERM | |
| Topical term or geographic name entry element | Administración de los servicios de salud |
| Geographic subdivision | Colombia |
| 9 (RLIN) | 9785 |
| 650 14 - SUBJECT ADDED ENTRY--TOPICAL TERM | |
| Topical term or geographic name entry element | Sistemas de salud |
| Geographic subdivision | Colombia |
| 9 (RLIN) | 9768 |
| 650 14 - SUBJECT ADDED ENTRY--TOPICAL TERM | |
| Topical term or geographic name entry element | Seguridad social |
| Geographic subdivision | Colombia |
| 9 (RLIN) | 7785 |
| 650 14 - SUBJECT ADDED ENTRY--TOPICAL TERM | |
| Topical term or geographic name entry element | Salud |
| Geographic subdivision | Colombia |
| 9 (RLIN) | 9786 |
| 700 1# - ADDED ENTRY--PERSONAL NAME | |
| Personal name | Santamaría, Mauricio, |
| Relator term | investigador |
| 9 (RLIN) | 9787 |
| 700 1# - ADDED ENTRY--PERSONAL NAME | |
| Personal name | Zapata, Juan Gonzalo, |
| Relator term | investigador |
| 9 (RLIN) | 9772 |
| 942 ## - ADDED ENTRY ELEMENTS (KOHA) | |
| Source of classification or shelving scheme | Dewey Decimal Classification |
| Koha item type | Books |
| Withdrawn status | Lost status | Source of classification or shelving scheme | Damaged status | Not for loan | Collection code | Home library | Current library | Date acquired | Source of acquisition | Total Checkouts | Full call number | Barcode | Date last seen | Date last checked out | Copy number | Koha item type |
|---|---|---|---|---|---|---|---|---|---|---|---|---|---|---|---|---|
| Dewey Decimal Classification | Non-fiction | Biblioteca Pública José María del Castillo y Rada | Biblioteca Pública José María del Castillo y Rada | 12/01/2017 | Donación | 2 | 362.11068 / F715s | 430012379 | 05/16/2024 | 06/26/2023 | Ej.1 | Books |